[Event "Backa Topola-ch"]
[Site "Backa Topola"]
[Date "2019.12.13"]
[Round "9"]
[White "Vlahovic, Ljubo"]
[Black "Ilicic, Mirko"]
[Result "0-1"]
[WhiteElo "1961"]
[BlackElo "2015"]
[PlyCount "78"]
[EventDate "2019.11.25"]
[EventType "swiss"]
[EventRounds "9"]
[EventCountry "SRB"]
[SourceTitle "CBM 193 Extra"]
[Source "ChessBase"]
[SourceDate "2020.01.31"]
[SourceVersion "1"]
[SourceVersionDate "2020.01.31"]
[SourceQuality "1"]

1. e4 d5 2. exd5 Nf6 3. Nc3 Nxd5 4. Nxd5 Qxd5 5. d4 Bf5 6. c3 Nc6 7. Nf3 0-0-0 8. Be2 e5 9. dxe5 Qe4 10. Qb3 Be6 11. Ng5 Qxg2 12. Bf3 Qxh1+ 13. Bxh1 Bxb3 14. axb3 Nxe5 15. Be3 a6 16. Bd4 h6 17. Ne4 Nc6 18. Be3 f5 19. Ng3 Ne7 20. b4 g5 21. Bd4 Rg8 22. Nh5 Rg6 23. Ra5 Re8 24. Kf1 c6 25. Bf3 Rd8 26. Bf6 Rd3 27. Be2 Rd5 28. Ra1 Rd6 29. Bd4 Rge6 30. Bc4 Re4 31. Ng3 Rexd4 32. cxd4 Rxd4 33. Be6+ Kc7 34. Nxf5 Nxf5 35. Bxf5 Bxb4 36. Kg2 Rd2 37. b3 Kd6 38. Re1 Bc5 39. Rf1 Rb2 0-1

[Event "Backa Topola-ch"]
[Site "Backa Topola"]
[Date "2019.12.11"]
[Round "8"]
[White "Ilicic, Mirko"]
[Black "Radovic, Perisa"]
[Result "1/2-1/2"]
[WhiteElo "2015"]
[BlackElo "1933"]
[PlyCount "78"]
[EventDate "2019.11.25"]
[EventType "swiss"]
[EventRounds "9"]
[EventCountry "SRB"]
[SourceTitle "CBM 193 Extra"]
[Source "ChessBase"]
[SourceDate "2020.01.31"]
[SourceVersion "1"]
[SourceVersionDate "2020.01.31"]
[SourceQuality "1"]

1. d4 Nf6 2. c4 g6 3. Nc3 Bg7 4. Nf3 d6 5. e4 0-0 6. Be2 Nbd7 7. h3 c6 8. 0-0 e5 9. Be3 a5 10. Qd2 Re8 11. Rad1 exd4 12. Bxd4 Nxe4 13. Nxe4 Rxe4 14. Bxg7 Kxg7 15. Bd3 Re6 16. Ng5 Re8 17. Bc2 Nb6 18. f4 f6 19. Qd4 d5 20. b3 c5 21. Qb2 d4 22. Nf3 Re2 23. Rfe1 Rxe1+ 24. Rxe1 Qd6 25. Bd3 Bd7 26. Be4 Re8 27. Qd2 a4 28. Bxb7 Rxe1+ 29. Qxe1 axb3 30. axb3 Nc8 31. Qa5 Ne7 32. Qd2 Qb6 33. Qe1 Nf5 34. Qe4 Qxb3 35. Qd5 Qe3+ 36. Kh1 Qe7 37. Ba6 Be6 38. Qc6 Bf7 39. g4 Ne3 1/2-1/2

[Event "Backa Topola-ch"]
[Site "Backa Topola"]
[Date "2019.12.09"]
[Round "7"]
[White "Vadoc, Karolj"]
[Black "Ilicic, Mirko"]
[Result "1/2-1/2"]
[WhiteElo "1893"]
[BlackElo "2015"]
[PlyCount "91"]
[EventDate "2019.11.25"]
[EventType "swiss"]
[EventRounds "9"]
[EventCountry "SRB"]
[SourceTitle "CBM 193 Extra"]
[Source "ChessBase"]
[SourceDate "2020.01.31"]
[SourceVersion "1"]
[SourceVersionDate "2020.01.31"]
[SourceQuality "1"]

1. e4 d5 2. exd5 Nf6 3. d4 Nxd5 4. Nf3 c6 5. c4 Nf6 6. Nc3 Bg4 7. Be3 Nbd7 8. Be2 e6 9. 0-0 Bd6 10. Ng5 Bxe2 11. Qxe2 h6 12. Nf3 Qe7 13. Rfe1 0-0 14. h3 Rad8 15. Rad1 Bb8 16. Qc2 Nb6 17. b3 Qc7 18. Ne4 Nbd7 19. Rd2 e5 20. Nxf6+ Nxf6 21. dxe5 Nd7 22. Bd4 Rfe8 23. Rde2 Nf8 24. Qf5 Qa5 25. Qg4 Re6 26. Be3 Rg6 27. Qe4 Re8 28. Bd4 Bd6 29. Nh4 Rge6 30. f4 Bc5 31. Nf3 Rd8 32. Kh1 Bb4 33. Rf1 c5 34. Ba1 Re7 35. f5 Bc3 36. Bxc3 Qxc3 37. Rfe1 Nh7 38. Qh4 Rde8 39. Re4 Ng5 40. Nxg5 hxg5 41. Qxg5 Rxe5 42. Rxe5 Rxe5 43. Qd8+ Kh7 44. Qh4+ Kg8 45. Qd8+ Kh7 46. Qh4+ 1/2-1/2

[Event "Backa Topola-ch"]
[Site "Backa Topola"]
[Date "2019.12.02"]
[Round "4"]
[White "Ilicic, Mirko"]
[Black "Smit, Jovan"]
[Result "1-0"]
[WhiteElo "2015"]
[BlackElo "1793"]
[PlyCount "69"]
[EventDate "2019.11.25"]
[EventType "swiss"]
[EventRounds "9"]
[EventCountry "SRB"]
[SourceTitle "CBM 193 Extra"]
[Source "ChessBase"]
[SourceDate "2020.01.31"]
[SourceVersion "1"]
[SourceVersionDate "2020.01.31"]
[SourceQuality "1"]

1. d4 d5 2. c4 Nf6 3. Nc3 e6 4. Nf3 Be7 5. Bf4 a6 6. a4 0-0 7. e3 Nbd7 8. h3 c5 9. Rc1 cxd4 10. exd4 dxc4 11. Bxc4 b6 12. 0-0 Bb7 13. Qe2 Rc8 14. Ba2 Re8 15. Rfd1 Nf8 16. Bc4 Bxf3 17. gxf3 a5 18. Ba6 Ra8 19. Bb5 N6d7 20. Ne4 Ng6 21. Bc7 Qc8 22. Bxb6 Qb7 23. Bc7 Rec8 24. Bc6 Qa7 25. Bxa8 Rxc7 26. Bc6 Nf4 27. Qe3 f5 28. Qxf4 fxe4 29. fxe4 Nf6 30. d5 exd5 31. Bxd5+ Nxd5 32. exd5 Rxc1 33. Rxc1 h6 34. Rc8+ Kh7 35. Qf5+ 1-0

[Event "Backa Topola-ch"]
[Site "Backa Topola"]
[Date "2019.11.25"]
[Round "1"]
[White "Kovacs Kalic, Sandor"]
[Black "Ilicic, Mirko"]
[Result "0-1"]
[WhiteElo "1681"]
[BlackElo "2015"]
[PlyCount "64"]
[EventDate "2019.11.25"]
[EventType "swiss"]
[EventRounds "9"]
[EventCountry "SRB"]
[SourceTitle "CBM 193 Extra"]
[Source "ChessBase"]
[SourceDate "2020.01.31"]
[SourceVersion "1"]
[SourceVersionDate "2020.01.31"]
[SourceQuality "1"]

1. d4 d5 2. e3 Nf6 3. c4 c6 4. Nc3 e6 5. Nf3 Nbd7 6. Be2 Be7 7. h3 0-0 8. 0-0 Qc7 9. b3 a6 10. Bb2 Rb8 11. Rc1 Qa5 12. Qc2 Re8 13. c5 Qc7 14. e4 dxe4 15. Nxe4 Nd5 16. Qd2 Nf8 17. Ne5 f6 18. Nc4 Ng6 19. g3 e5 20. Kg2 exd4 21. Bxd4 Bf5 22. Ned6 Bxd6 23. Nxd6 Rxe2 24. Qxe2 Ndf4+ 25. Kf3 Nxe2 26. Kxe2 Bxh3 27. Rh1 Bg2 28. Rh2 Bd5 29. f3 Rd8 30. Rch1 Rxd6 31. cxd6 Qxd6 32. Bf2 Qe5+ 0-1

[Event "Senta op-B 17th"]
[Site "Senta"]
[Date "2013.07.14"]
[Round "2"]
[White "Nesovanovic, Miroslav"]
[Black "Ilicic, Mirko"]
[Result "0-1"]
[WhiteElo "1877"]
[BlackElo "2029"]
[PlyCount "108"]
[EventDate "2013.07.13"]
[EventType "swiss"]
[EventRounds "9"]
[EventCountry "SRB"]
[SourceTitle "EXT 2014"]
[Source "ChessBase"]
[SourceDate "2013.11.20"]
[SourceVersion "1"]
[SourceVersionDate "2013.11.20"]
[SourceQuality "1"]

1. e4 Nf6 2. e5 Nd5 3. d4 d6 4. c4 Nb6 5. exd6 cxd6 6. Nc3 Bf5 7. Nf3 e6 8. Be3 Nc6 9. Rc1 Be7 10. Bd3 Bg6 11. b3 0-0 12. 0-0 Bf6 13. Qd2 Ne7 14. Ne4 Nf5 15. Nxf6+ gxf6 16. Bxf5 Bxf5 17. Bh6 Re8 18. Qf4 Bg6 19. Rfe1 e5 20. Qh4 Nd7 21. Qg3 Kh8 22. h4 Rg8 23. Qh3 Bh5 24. Nh2 Rg6 25. Be3 Rg8 26. Qf5 Bg6 27. Qf3 h5 28. Qxb7 f5 29. Nf3 f4 30. Bd2 f6 31. dxe5 dxe5 32. Qd5 Qc7 33. Ba5 Nb6 34. Qe6 Qg7 35. Qh3 Bf5 36. Qh2 Qb7 37. Nd2 Rxg2+ 38. Qxg2 Rg8 39. Qxg8+ Kxg8 40. f3 Qg7+ 41. Kf2 Qg3+ 42. Ke2 Qg2+ 43. Kd1 e4 44. fxe4 Bg4+ 45. Kc2 Nd7 46. Rg1 Qh2 47. Rh1 Qf2 48. Rcf1 Qe3 49. Re1 Be2 50. Kb2 Ne5 51. Reg1+ Kf7 52. Bc3 f3 53. Rg3 Qf4 54. Rhg1 Ng4 0-1

[Event "Benidorm op U2300 10th"]
[Site "Benidorm"]
[Date "2011.12.08"]
[Round "8"]
[White "Gutierrez Lucas, Jose Luis"]
[Black "Ilicic, Mirko"]
[Result "1-0"]
[WhiteElo "2028"]
[BlackElo "2125"]
[PlyCount "55"]
[EventDate "2011.12.02"]
[EventType "swiss"]
[EventRounds "10"]
[EventCountry "ESP"]
[SourceTitle "CBM 145 Extra"]
[Source "ChessBase"]
[SourceDate "2012.01.03"]
[SourceVersion "1"]
[SourceVersionDate "2012.01.03"]
[SourceQuality "1"]

1. d4 d5 2. c4 e6 3. cxd5 exd5 4. Nc3 Nf6 5. Bg5 Nbd7 6. e3 Be7 7. Bd3 c6 8. Qc2 Nh5 9. Bxe7 Qxe7 10. Nge2 Nf8 11. h3 Ng6 12. 0-0-0 Bd7 13. Kb1 b5 14. g4 Nf6 15. Ng3 Nh4 16. g5 Ng8 17. f4 h6 18. e4 hxg5 19. exd5 Kf8 20. dxc6 Bxc6 21. d5 b4 22. dxc6 bxc3 23. Qxc3 Qc7 24. Nf5 Nxf5 25. Bxf5 Qxf4 26. Rhf1 Qh2 27. c7 Ne7 28. Rd8+ 1-0